| 000 | 00676nam a2200217 i 4500 | ||
|---|---|---|---|
| 003 | OSt | ||
| 005 | 20150210165621.0 | ||
| 008 | 020226s1998 esp 0011 spa d | ||
| 020 | _a968-432-309-3 | ||
| 040 | _cBMC | ||
| 082 | _a863 | ||
| 100 | 1 |
_963 _aCervantes Saavedra, Miguel _d1547-1616 |
|
| 245 | 1 | 3 |
_aEl ingenioso hidalgo don Quijote de la Mancha _cMiguel de Cervantes Saavedra ; prólogo y esquema biográfico por Américo Castro |
| 250 | _a25ª ed | ||
| 260 |
_aMéxico D.F. _bPorrúa _c1998 |
||
| 300 |
_a692 p. _c22 cm |
||
| 490 |
_aSepan cuantos... _v6 |
||
| 650 | 2 | 4 |
_929289 _aNovela española |
| 700 | 1 |
_926875 _aCastro, Américo _d1885-1972 |
|
| 942 |
_2ddc _cBK |
||
| 999 |
_c17656 _d17656 |
||